000 01462cam a22003255i 4500
001 22892787
005 20250404163816.0
008 221206s2023 flu 000 0 eng
010 _a 2022951177
020 _a9781032126579
020 _a9781032126586
020 _z9781003225607
042 _apcc
082 _a005.758 SHA
100 1 _aSharma, Kapil,
245 1 0 _aBlockchain: a Hype or a Hoax
250 _a1st
260 _aUK
_bCRC Press
_c2023
263 _a2312
264 1 _aBoca Raton :
_bCRC Press,
_c2023.
300 _a261;. pages: 23 cm
336 _atext
_btxt
_2rdacontent
337 _aunmediated
_bn
_2rdamedia
338 _avolume
_bnc
_2rdacarrier
520 _a"This book will provide a guidance on how to create a Blockchain strategy, business case to pitch for the budget, a case study to apply the knowledge on practical use cases for Blockchain and also a technical overview of most of the Blockchain use cases in the market. The distinctive feature of this book will be critical analysis of Blockchain from technology and business perspective. This book will be aimed at Technology students, Technology professionals, Blockchain and fintech consultants, Business leaders and anyone who is fascinated by Blockchain"--
650 _aBlockchains (Databases)-Government Policy; Internet Governance; Technology and Law
906 _a0
_bibc
_corignew
_d2
_eepcn
_f20
_gy-gencatlg
942 _cBK
999 _c43571
_d43571